000 00223nam a22000857a 4500
008 170119b xxu||||| |||| 00| 0 eng d
100 _92495
_aCutts.M.
245 _aOxford Guide to Plain English
260 _aNew Delhi
_bOxford
_c2011
999 _c5563
_d5563